| 000 | 00559nam a2200193 a 4500 | ||
|---|---|---|---|
| 005 | 20240924065123.0 | ||
| 008 | 991125s1975 fr 000 0 fre u | ||
| 020 | _a2225418004 | ||
| 035 | _aUPN01000052549 | ||
| 049 | _aCG | ||
| 050 | 4 |
_aLC5146 _bM3.7 |
|
| 100 | 1 |
_aMalassis, Louis, _d1918-2007 _929101 |
|
| 245 | 1 | 0 |
_aRuralité éducation développement / _cpar Louis Malassis ; arant-propos Edgar Faure. |
| 260 |
_aParís : _bMasson, _c1975. |
||
| 300 | _a127 p. | ||
| 440 | 0 | _aSciences agronomiques | |
| 650 | 4 |
_aEducación rural _99764 |
|
| 905 | _aLibro | ||
| 999 |
_c52549 _d52549 |
||